000 00752nam a22001937a 4500
999 _c12240
_d12240
003 AR-CdUCM
008 190408b ||||| |||| 00| 0 spa d
040 _aMUNICIPALIDAD PROVINCIAL DEL CUSCO
_cBIBLIOTECA MUNICIPAL DEL CUSCO
082 _a700 /
_bG96 /1921
100 _aGutirres de Quintanilla, Emilio
_929998
245 _aMemoria del director del museo de historia nacional :
_bEsfuerzos y resistencias /
260 _aLima /
_bTaller topográfico del Museo.
_c1921.
300 _a534 paginas ;
_c22 cm.
505 _aContenido :Estado del museo de historia nacional --Sobra dinero y falta museo --La reorganización --El local del museo ...
650 _aArte
_9561
650 _aMuseo
_913696
942 _2ddc
_cPP
945 _arjall
_d2019-04-08